000 00181nam a2200073Ia 4500
008 170817s9999 xx 000 0 und d
100 _aChitkara.M.G
245 0 _aEducatin And Human Values
260 _bA. P. H. PUB.
999 _c38553
_d38553